[Event "Lvov Ukrainian Chess Warriors"]
[Site "Lvov"]
[Date "2024.03.15"]
[Round "4"]
[White "Domanskiy, Mykola"]
[Black "Grinev, Valeriy"]
[Result "0-1"]
[WhiteElo "2046"]
[BlackElo "2422"]
[PlyCount "62"]
[EventDate "2024.03.15"]
[EventType "swiss (rapid)"]
[EventRounds "8"]
[EventCountry "UKR"]
[SourceTitle "CB12_2024"]
[SourceDate "2023.10.01"]
[SourceVersion "1"]
[SourceVersionDate "2023.10.01"]
[SourceQuality "1"]

1. e4 c5 2. Nf3 e6 3. d4 cxd4 4. Nxd4 a6 5. c4 Nf6 6. Nc3 Qc7 7. a3 b6 8. Bd3 Nc6 9. Nxc6 dxc6 10. 0-0 e5 11. h3 Bc5 12. Qe2 0-0 13. Be3 Be6 14. Bxc5 bxc5 15. Qe3 Rfd8 16. Na4 Nd7 17. b3 Nf8 18. Rfd1 Rd4 19. Nxc5 Rad8 20. Nxa6 Qd6 21. Nb4 Ng6 22. Be2 Nf4 23. Bf3 Bxh3 24. gxh3 Qg6+ 25. Kh2 Rxd1 26. Rxd1 Rxd1 27. Bg4 h5 28. Nxc6 Qg5 29. Ne7+ Kh7 30. Bf5+ g6 31. Nxg6 Qg1# 0-1

[Event "Lvov Ukrainian Chess Warriors"]
[Site "Lvov"]
[Date "2024.03.15"]
[Round "2"]
[White "Domanskiy, Mykola"]
[Black "Velychko, Sofiya"]
[Result "1-0"]
[WhiteElo "2046"]
[BlackElo "1660"]
[PlyCount "93"]
[EventDate "2024.03.15"]
[EventType "swiss (rapid)"]
[EventRounds "8"]
[EventCountry "UKR"]
[SourceTitle "CB12_2024"]
[SourceDate "2023.10.01"]
[SourceVersion "1"]
[SourceVersionDate "2023.10.01"]
[SourceQuality "1"]

1. d4 Nf6 2. c4 g6 3. Nc3 d5 4. Nf3 Bg7 5. Qb3 dxc4 6. Qxc4 0-0 7. e4 c6 8. Be2 Be6 9. Qa4 Qc7 10. 0-0 c5 11. d5 Bd7 12. Qc2 e6 13. g3 exd5 14. exd5 Bf5 15. Qb3 Nbd7 16. Bf4 Qb6 17. Nb5 Rac8 18. a4 c4 19. Bxc4 Nc5 20. Qa3 Be4 21. a5 Qd8 22. Nd6 Bxf3 23. Qxf3 Ra8 24. b4 Ncd7 25. Nxb7 Qc8 26. Nd6 Qd8 27. Rad1 Nh5 28. Nb5 Nxf4 29. Qxf4 Ne5 30. Be2 a6 31. Nd4 Qxd5 32. Nf5 Qe6 33. Nxg7 Kxg7 34. Rfe1 Rad8 35. Bxa6 Rxd1 36. Rxd1 Qxa6 37. Qxe5+ Kg8 38. Rd6 Qc4 39. Qd4 Qc1+ 40. Kg2 Qc8 41. h4 Qb7+ 42. Kh2 Qb8 43. a6 Re8 44. a7 Qa8 45. b5 Rc8 46. b6 Qb7 47. Rd8+ 1-0

[Event "Lvov Ukrainian Chess Warriors"]
[Site "Lvov"]
[Date "2024.03.15"]
[Round "6"]
[White "Domanskiy, Mykola"]
[Black "Voitychuk, Orest"]
[Result "1/2-1/2"]
[WhiteElo "2046"]
[BlackElo "1953"]
[PlyCount "103"]
[EventDate "2024.03.15"]
[EventType "swiss (rapid)"]
[EventRounds "8"]
[EventCountry "UKR"]
[SourceTitle "CB12_2024"]
[SourceDate "2023.10.01"]
[SourceVersion "1"]
[SourceVersionDate "2023.10.01"]
[SourceQuality "1"]

1. e4 e5 2. Nf3 Nc6 3. Bc4 Bc5 4. c3 Nf6 5. d3 d6 6. h3 h6 7. Nbd2 a6 8. a4 0-0 9. 0-0 Ba7 10. Re1 Ne7 11. Nf1 Ng6 12. d4 c6 13. Ng3 Re8 14. dxe5 dxe5 15. Qb3 Qc7 16. a5 Be6 17. Be3 Bxe3 18. fxe3 Rad8 19. Bxe6 Rxe6 20. Red1 Red6 21. Rxd6 Rxd6 22. Qc4 Rd8 23. Nf5 Qd7 24. Qb4 Qd3 25. Qxb7 Qxe4 26. Nd6 Qxe3+ 27. Kh1 Rf8 28. Qxc6 Nh5 29. Re1 Ng3+ 30. Kh2 Qf4 31. Kg1 h5 32. Qc4 Qf6 33. Ne4 Qf4 34. Ned2 Qf6 35. Nf1 Nf5 36. b4 Nd6 37. Qxa6 e4 38. Nd4 Nf4 39. Ne3 Qg6 40. Kh1 Nd3 41. Rf1 Rd8 42. Nc6 Re8 43. b5 Qg3 44. Qb6 Nf2+ 45. Rxf2 Qxf2 46. a6 h4 47. a7 Qe1+ 48. Kh2 Qg3+ 49. Kg1 Qe1+ 50. Kh2 Qg3+ 51. Kg1 Qe1+ 52. Nf1 1/2-1/2

[Event "Lvov Ukrainian Chess Warriors"]
[Site "Lvov"]
[Date "2024.03.15"]
[Round "3"]
[White "Marchyshyn, Vasyl"]
[Black "Domanskiy, Mykola"]
[Result "0-1"]
[WhiteElo "1753"]
[BlackElo "2046"]
[PlyCount "170"]
[EventDate "2024.03.15"]
[EventType "swiss (rapid)"]
[EventRounds "8"]
[EventCountry "UKR"]
[SourceTitle "CB12_2024"]
[SourceDate "2023.10.01"]
[SourceVersion "1"]
[SourceVersionDate "2023.10.01"]
[SourceQuality "1"]

1. e4 c5 2. Nf3 d6 3. d4 cxd4 4. Qxd4 Nc6 5. Bb5 Bd7 6. Bxc6 Bxc6 7. Nc3 e5 8. Qd3 Be7 9. h4 h6 10. g4 Nf6 11. Rg1 Nd7 12. Be3 Qa5 13. 0-0-0 Nc5 14. Bxc5 Qxc5 15. Nd5 Bxd5 16. Qxd5 Qxf2 17. Qb5+ Kf8 18. Qxb7 Re8 19. Rgf1 Qe3+ 20. Kb1 g6 21. Qd5 Rh7 22. h5 gxh5 23. gxh5 Rg7 24. Rd2 Kg8 25. Qb7 Qxf3 26. Rdd1 Qe3 27. Qd7 Kf8 28. b3 Rd8 29. Qe6 Ke8 30. Qd5 Qc5 31. Qd3 Bg5 32. Qf3 Bf4 33. Rd5 Qb6 34. Rfd1 Rg1 35. Qh3 Rxd1+ 36. Rxd1 a5 37. a4 Qc6 38. Qd3 Ke7 39. Rg1 Bg5 40. Rf1 Rc8 41. Kb2 Bf4 42. Rg1 Qc5 43. Rd1 Be3 44. c3 Bf4 45. Re1 Rb8 46. Re2 Qg1 47. Qa6 Qc5 48. Re1 Rc8 49. Qd3 Qf2+ 50. Re2 Qg1 51. Rc2 Qb6 52. Rg2 Rb8 53. Qd5 Qc5 54. Qd3 Bg5 55. Rc2 Qc6 56. Ka2 Bf4 57. Rg2 Qc5 58. Kb2 Rc8 59. Rc2 Qe3 60. Qd5 Rc5 61. Qb7+ Ke6 62. Qa8 Bg5 63. Qe8+ Be7 64. Qa8 Qf3 65. Qb7 Qxh5 66. b4 axb4 67. cxb4 Rxc2+ 68. Kxc2 Qe2+ 69. Kb3 Qd3+ 70. Kb2 Bg5 71. Qc8+ Ke7 72. Qc7+ Kf8 73. a5 Kg7 74. Qc6 Qd4+ 75. Kb3 Bd2 76. Qc4 Qe3+ 77. Ka4 h5 78. a6 h4 79. Kb5 h3 80. Qf1 Qc3 81. a7 Qc8 82. Ka5 Qb7 83. Qxh3 Qxa7+ 84. Kb5 Qb7+ 85. Kc4 Qxb4+ 0-1

[Event "Lvov Buturina Memorial 3rd"]
[Site "Lvov"]
[Date "2023.11.17"]
[Round "5"]
[White "Domanskiy, Mykola"]
[Black "Mosesov, Danylo"]
[Result "1/2-1/2"]
[WhiteElo "1900"]
[BlackElo "2453"]
[PlyCount "75"]
[EventDate "2023.11.16"]
[EventType "swiss"]
[EventRounds "9"]
[EventCountry "UKR"]
[SourceTitle "CB49_2023"]
[SourceDate "2023.12.06"]
[SourceVersion "1"]
[SourceVersionDate "2023.12.06"]
[SourceQuality "1"]

1. d4 Nf6 2. c4 c5 3. d5 e6 4. Nc3 exd5 5. cxd5 d6 6. Nf3 g6 7. Nd2 Bg7 8. e4 0-0 9. Be2 a6 10. a4 Nbd7 11. 0-0 Re8 12. Re1 Ne5 13. f4 Neg4 14. Bf3 h5 15. Bxg4 Nxg4 16. Nf3 c4 17. Be3 Nxe3 18. Rxe3 Qb6 19. Qd2 Bxc3 20. bxc3 Rxe4 21. Nd4 Rxe3 22. Qxe3 Bd7 23. a5 Qb2 24. Qc1 Qxc1+ 25. Rxc1 Rc8 26. Rb1 Rc5 27. Rxb7 Bc8 28. Rb6 Rxd5 29. Rc6 Bd7 30. Rxa6 Kf8 31. Ra7 Ke8 32. Ra8+ Ke7 33. Kf2 g5 34. a6 gxf4 35. a7 Ra5 36. Kf3 Kf6 37. Kxf4 h4 38. h3 1/2-1/2

[Event "Malakhatko Memorial op"]
[Site "Chess.com INT"]
[Date "2023.06.14"]
[Round "5"]
[White "Domanskiy, Mykola"]
[Black "Kiseleva, Arina"]
[Result "1-0"]
[WhiteElo "1973"]
[BlackElo "1962"]
[PlyCount "67"]
[EventDate "2023.06.14"]
[EventType "swiss (blitz)"]
[EventRounds "11"]
[EventCountry "USA"]
[SourceTitle "CBM 214 Extra"]
[Source "ChessBase"]
[SourceDate "2023.07.31"]
[SourceVersion "1"]
[SourceVersionDate "2023.07.31"]
[SourceQuality "1"]

1. e4 c6 2. Nf3 d5 3. Nc3 dxe4 4. Nxe4 Nf6 5. Qe2 Nxe4 6. Qxe4 Qd5 7. Qh4 Qf5 8. Bd3 Qf6 9. Qg3 Bf5 10. Bxf5 Qxf5 11. 0-0 e6 12. Qc7 Nd7 13. Qxb7 Rd8 14. Qxc6 Be7 15. d4 0-0 16. c3 Nf6 17. Bg5 a5 18. Bxf6 Bxf6 19. Rfe1 Rb8 20. b3 Rfc8 21. Qd6 Rd8 22. Qa3 Rbc8 23. Rac1 h5 24. h3 Rd7 25. Ne5 Rdc7 26. c4 Bh4 27. Nf3 Bf6 28. Rcd1 g5 29. d5 g4 30. hxg4 hxg4 31. Nd4 Qf4 32. g3 Qh6 33. dxe6 Kg7 34. Nf5+ 1-0

[Event "Malakhatko Memorial op"]
[Site "Chess.com INT"]
[Date "2023.06.14"]
[Round "7"]
[White "Kuzhilniy, Oleksandr"]
[Black "Domanskiy, Mykola"]
[Result "1-0"]
[WhiteElo "2220"]
[BlackElo "1973"]
[PlyCount "109"]
[EventDate "2023.06.14"]
[EventType "swiss (blitz)"]
[EventRounds "11"]
[EventCountry "USA"]
[SourceTitle "CBM 214 Extra"]
[Source "ChessBase"]
[SourceDate "2023.07.31"]
[SourceVersion "1"]
[SourceVersionDate "2023.07.31"]
[SourceQuality "1"]

1. e4 c5 2. Nf3 d6 3. d4 cxd4 4. Nxd4 Nf6 5. Nc3 a6 6. Bg5 e6 7. f4 Be7 8. Qf3 Qc7 9. 0-0-0 Nbd7 10. g4 h6 11. Bxf6 Bxf6 12. h4 Nb6 13. g5 Bxd4 14. Rxd4 Qc5 15. Qd3 hxg5 16. b4 Qc7 17. fxg5 Bd7 18. Rxd6 0-0-0 19. Qd4 Na4 20. Nxa4 Bxa4 21. Rxd8+ Rxd8 22. Qc5 Bc6 23. Bd3 Kb8 24. Kb2 Qf4 25. Rf1 Qd2 26. Rf2 Qe1 27. Rxf7 Qxh4 28. Rxg7 Qh2 29. Qc3 Rc8 30. Qd4 Bb5 31. Rf7 Bxd3 32. Qxd3 Qe5+ 33. Kb3 Qxg5 34. Rf1 Qe5 35. c3 Ka8 36. Qd4 Qb5 37. Rd1 Rg8 38. Qc4 Qe5 39. Rd7 Rg1 40. Qc8+ Qb8 41. Qxb8+ Kxb8 42. Re7 Rg6 43. Kc4 Kc8 44. Kd4 Rh6 45. a4 Rg6 46. a5 Rh6 47. Kc5 Rh3 48. c4 Rh5+ 49. Kd6 Rh8 50. Rxe6 Rd8+ 51. Kc5 Rd3 52. Re7 Rc3 53. e5 Re3 54. e6 Re5+ 55. Kd6 1-0

[Event "Malakhatko Memorial op"]
[Site "Chess.com INT"]
[Date "2023.06.14"]
[Round "4"]
[White "Vysochin, Spartak"]
[Black "Domanskiy, Mykola"]
[Result "1-0"]
[WhiteElo "2512"]
[BlackElo "1973"]
[PlyCount "63"]
[EventDate "2023.06.14"]
[EventType "swiss (blitz)"]
[EventRounds "11"]
[EventCountry "USA"]
[SourceTitle "CBM 214 Extra"]
[Source "ChessBase"]
[SourceDate "2023.07.31"]
[SourceVersion "1"]
[SourceVersionDate "2023.07.31"]
[SourceQuality "1"]

1. e4 c5 2. c3 d5 3. exd5 Qxd5 4. d4 Nf6 5. Nf3 e6 6. Na3 cxd4 7. Nb5 Qd8 8. Nbxd4 Be7 9. Bd3 0-0 10. 0-0 b6 11. Bf4 Bb7 12. Qe2 Qc8 13. Rad1 Rd8 14. Rfe1 Na6 15. Ne5 Nc5 16. Bc2 g6 17. h3 Nd5 18. Bg3 Bf6 19. Ng4 Bg7 20. Be5 h5 21. Bxg7 Kxg7 22. Qe5+ f6 23. Nxf6 Nxf6 24. b4 Rd5 25. Qg3 Nce4 26. Bxe4 Nxe4 27. Rxe4 h4 28. Qxh4 Rh5 29. Qe7+ Kh6 30. Nxe6 Qg8 31. Qxb7 Re8 32. Qd7 1-0

[Event "Kiev Spring op"]
[Site "Kiev"]
[Date "2023.03.28"]
[Round "5"]
[White "Domanskiy, Mykola"]
[Black "Borysiuk, Sofiia Khrystyna"]
[Result "1-0"]
[WhiteElo "1862"]
[BlackElo "1503"]
[PlyCount "67"]
[EventDate "2023.03.25"]
[EventType "swiss"]
[EventRounds "9"]
[EventCountry "UKR"]
[SourceTitle "EXT 2024"]
[Source "ChessBase"]
[SourceDate "2023.10.10"]
[SourceVersion "1"]
[SourceVersionDate "2023.10.10"]
[SourceQuality "1"]

1. d4 Nf6 2. c4 e6 3. Nf3 d5 4. Nc3 Bb4 5. cxd5 exd5 6. Bg5 0-0 7. e3 c6 8. Bd3 Nbd7 9. 0-0 h6 10. Bh4 Re8 11. Qc2 Bxc3 12. Qxc3 Nf8 13. Qc2 Qd6 14. Nd2 N8h7 15. Rfe1 Ne4 16. Nxe4 dxe4 17. Bxe4 Nf6 18. Bd3 b6 19. Bg3 Qd7 20. Rad1 Nd5 21. a3 Bb7 22. e4 Nc7 23. Bc4 Ne6 24. d5 cxd5 25. exd5 Nc5 26. b4 Na6 27. Qd3 Nc7 28. d6 Rad8 29. dxc7 Rxe1+ 30. Rxe1 Qxd3 31. Bxd3 Rxd3 32. Re8+ Kh7 33. h3 Rc3 34. Rb8 1-0

[Event "Kiev Spring op"]
[Site "Kiev"]
[Date "2023.03.27"]
[Round "4"]
[White "Berin, Artem"]
[Black "Domanskiy, Mykola"]
[Result "1-0"]
[WhiteElo "2140"]
[BlackElo "1862"]
[PlyCount "73"]
[EventDate "2023.03.25"]
[EventType "swiss"]
[EventRounds "9"]
[EventCountry "UKR"]
[SourceTitle "EXT 2024"]
[Source "ChessBase"]
[SourceDate "2023.10.10"]
[SourceVersion "1"]
[SourceVersionDate "2023.10.10"]
[SourceQuality "1"]

1. d4 Nf6 2. c4 e6 3. Nc3 Bb4 4. e3 0-0 5. Bd3 d5 6. a3 Bxc3+ 7. bxc3 c5 8. cxd5 exd5 9. Ne2 b6 10. 0-0 Ba6 11. Bxa6 Nxa6 12. f3 Re8 13. Ng3 Nb8 14. Re1 Nc6 15. Bb2 h5 16. Qd3 g6 17. e4 dxe4 18. fxe4 Ng4 19. Rad1 h4 20. Nf1 Qe7 21. e5 Qd7 22. e6 Rxe6 23. Rxe6 Qxe6 24. h3 Qb3 25. Qf3 Qxb2 26. Qxc6 Rd8 27. hxg4 Qxc3 28. d5 h3 29. d6 hxg2 30. Kxg2 Qc4 31. Kf3 Qe6 32. Qd5 Qf6+ 33. Kg2 Qf4 34. Nh2 c4 35. Rf1 Qxd6 36. Qxf7+ Kh8 37. Nf3 1-0

[Event "Elitzur Int Online"]
[Site "Chess.com INT"]
[Date "2020.11.01"]
[Round "6"]
[White "Domanskiy, Mykola"]
[Black "Streltsov, Alexey"]
[Result "0-1"]
[WhiteElo "1754"]
[BlackElo "2192"]
[PlyCount "116"]
[EventDate "2020.11.01"]
[EventType "swiss (blitz)"]
[EventRounds "11"]
[EventCountry "ISR"]
[SourceTitle "CBM 199 Extra"]
[Source "ChessBase"]
[SourceDate "2021.01.31"]
[SourceVersion "1"]
[SourceVersionDate "2021.01.31"]
[SourceQuality "1"]

1. e4 c6 2. d4 d5 3. exd5 cxd5 4. Bd3 Nc6 5. c3 Nf6 6. h3 g6 7. Nf3 Bf5 8. Bxf5 gxf5 9. 0-0 e6 10. Bf4 Bd6 11. Ne5 Qc7 12. Re1 0-0-0 13. b4 Rhg8 14. Na3 Ne4 15. Nb5 Qe7 16. f3 Qh4 17. fxe4 Qxf4 18. Nxd6+ Rxd6 19. exf5 Qxf5 20. Qf3 Qxf3 21. Nxf3 Rd7 22. b5 Na5 23. Ne5 Rc7 24. Re3 Nc4 25. Nxc4 Rxc4 26. Rf1 Rg7 27. Ref3 Rc7 28. a4 Kd8 29. Rb1 b6 30. a5 bxa5 31. Ra1 Ke7 32. Rxa5 Rg8 33. Kf2 Rgc8 34. g4 f6 35. Ra3 e5 36. Re3 e4 37. Kg3 Rb8 38. Ra5 Rbc8 39. Ra3 Rb8 40. Ra5 Rcb7 41. Kf4 Rxb5 42. Rxa7+ R8b7 43. Rxb7+ Rxb7 44. Kf5 Rb1 45. Kf4 Rf1+ 46. Kg3 Kd6 47. h4 h6 48. Kg2 Rc1 49. Kg3 Kc6 50. Kf4 Rf1+ 51. Kg3 Kb5 52. Kg2 Rc1 53. Kg3 Kc4 54. Kf4 Rf1+ 55. Kg3 Rc1 56. Kf4 Rxc3 57. Rxc3+ Kxc3 58. Kf5 e3 0-1

[Event "Eljanov Memorial 6th"]
[Site "Chess.com INT"]
[Date "2020.10.29"]
[Round "8"]
[White "Efremova, Yulia"]
[Black "Domanskiy, Mykola"]
[Result "1/2-1/2"]
[WhiteElo "2128"]
[BlackElo "1754"]
[PlyCount "129"]
[EventDate "2020.10.29"]
[EventType "swiss (blitz)"]
[EventRounds "9"]
[EventCountry "UKR"]
[SourceTitle "CBM 199 Extra"]
[Source "ChessBase"]
[SourceDate "2021.01.31"]
[SourceVersion "1"]
[SourceVersionDate "2021.01.31"]
[SourceQuality "1"]

1. d4 d5 2. Bf4 Nf6 3. Nc3 a6 4. Qd2 e6 5. 0-0-0 c5 6. f3 cxd4 7. Qxd4 Nc6 8. Qd2 Bd6 9. Bxd6 Qxd6 10. e4 d4 11. e5 Qxe5 12. Nce2 0-0 13. Nxd4 Bd7 14. Nxc6 Bxc6 15. Bd3 Rad8 16. Ne2 Bb5 17. Qc3 Qe3+ 18. Qd2 Qc5 19. Nc3 Bxd3 20. cxd3 b5 21. Kb1 b4 22. Ne4 Nxe4 23. fxe4 Rd4 24. Qc2 Qb5 25. Rd2 Rfd8 26. Rhd1 a5 27. Qc7 h6 28. Rf1 R4d7 29. Qf4 f6 30. Rfd1 Rxd3 31. Qf1 Rxd2 32. Qxb5 Rxd1+ 33. Kc2 R1d2+ 34. Kb3 Rxg2 35. Qxa5 Rdd2 36. Qa8+ Kh7 37. Qe8 Rxb2+ 38. Kc4 Rgc2+ 39. Kb5 Rxa2 40. Qxe6 Rf2 41. Kxb4 Rae2 42. Kc5 Rf4 43. Qf7 Rexe4 44. h3 Re5+ 45. Kd6 Rf3 46. Qc4 Rfe3 47. Qc2+ R3e4 48. Kd7 h5 49. h4 Kh6 50. Qd2+ Kh7 51. Qd3 f5 52. Qc2 f4 53. Kd6 f3 54. Qf2 Re3 55. Qc2+ R5e4 56. Qf2 Rd3+ 57. Kc5 Re2 58. Qg3 Rc2+ 59. Kb4 Rdc3 60. Qg5 f2 61. Qxh5+ Kg8 62. Qe8+ Kh7 63. Qh5+ Kg8 64. Qe8+ Kh7 65. Qh5+ 1/2-1/2